Kansas State Basketball: Leading Scorer Every Year - Statistics

General Stats
  • This quiz has been taken 17 times
  • The average score is 15 of 77
Answer Stats
Year Player Average % Correct
2023-2024 Tylor Perry 15.3
100%
2018-2019 Barry Brown Jr. 14.6
85%
2017-2018 Dean Wade 16.2
85%
2022-2023 Markquis Nowell 17.6
77%
2007-2008 Michael Beasley 26.2
77%
2009-2010 Jacob Pullen 19.3
62%
2010-2011 Jacob Pullen 20.2
62%
2020-2021 Nijel Pack 12.7
62%
2021-2022 Nijel Pack 17.4
62%
2008-2009 Denis Clemente 15.0
46%
1987-1988 Mitch Richmond 22.6
46%
2019-2020 Xavier Sneed 14.2
46%
1957-1958 Bob Boozer 20.1
38%
1958-1959 Bob Boozer 25.6
38%
1991-1992 Askia Jones 15.5
23%
1993-1994 Askia Jones 22.1
23%
1950-1951 Ernie Barrett 9.4
23%
1973-1974 Lon Kruger 17.6
23%
2013-2014 Marcus Foster 15.5
23%
2014-2015 Marcus Foster 12.5
23%
2011-2012 Rodney McGruder 15.8
23%
2012-2013 Rodney McGruder 15.6
23%
1951-1952 Dick Knostman 16.3
15%
1952-1953 Dick Knostman 22.7
15%
2015-2016 Justin Edwards 12.7
15%
1978-1979 Rolando Blackman 17.3
15%
1979-1980 Rolando Blackman 17.8
15%
1980-1981 Rolando Blackman 15.0
15%
2016-2017 Wesley Iwundu 13.0
15%
2005-2006 Cartier Martin 18.0
8%
2006-2007 Cartier Martin 17.1
8%
1974-1975 Chuckie Williams 22.1
8%
1975-1976 Chuckie Williams 20.9
8%
1999-2000 Cortez Groves 16.1
8%
1971-1972 David Hall 13.3
8%
1966-1967 Earl Seyfert 13.8
8%
1983-1984 Eddie Elder 13.1
8%
1994-1995 Elliot Hatcher 13.4
8%
1995-1996 Elliot Hatcher 16.4
8%
2002-2003 Gilson DeJesus 11.2
8%
1947-1948 Howie Shannon 9.9
8%
1955-1956 Jack Parr 17.4
8%
1956-1957 Jack Parr 20.6
8%
1990-1991 Jean Derouillere 17.2
8%
2003-2004 Jeremiah Massey 14.7
8%
2004-2005 Jeremiah Massey 17.9
8%
1968-1969 Jerry Venable 14.8
8%
1969-1970 Jerry Venable 16.1
8%
1953-1954 Jesse Priscock 14.8
8%
1960-1961 Larry Comley 18.3
8%
2001-2002 Larry Reid 14.4
8%
1982-1983 Les Craft 11.7
8%
1997-1998 Manny Dies 15.7
8%
1998-1999 Manny Dies 10.0
8%
1996-1997 Mark Young 12.9
8%
1976-1977 Mike Evans 18.3
8%
1977-1978 Mike Evans 19.1
8%
1961-1962 Mike Wroblewski 19.0
8%
1965-1966 Nick Pino 10.9
8%
1985-1986 Norris Coleman 21.8
8%
1986-1987 Norris Coleman 20.7
8%
2000-2001 Phineas Atchison 11.7
8%
1948-1949 Rick Harman 11.1
8%
1949-1950 Rick Harman 11.3
8%
1954-1955 Roger Craft 12.1
8%
1964-1965 Ron Paradis 12.3
8%
1988-1989 Steve Henson 18.5
8%
1989-1990 Steve Henson 17.4
8%
1967-1968 Steve Honeycutt 14.4
8%
1970-1971 Steve Mitchell 14.3
8%
1972-1973 Steve Mitchell 15.2
8%
1984-1985 Tom Alfaro 13.7
8%
1981-1982 Tyrone Adams 14.9
8%
1992-1993 Vincent Jackson 13.7
8%
1959-1960 Wally Frank 14.7
8%
1962-1963 Willie Murrell 18.6
8%
1963-1964 Willie Murrell 22.3
8%
No matching quizzes found
Score Distribution
Percent of People with Each Score
Percentile by Number Answered
Your Score History
You have not taken this quiz